Sosyal Demokrat Ufuk (Record no. 11351)

MARC details
000 -BAŞLIK
Sabit Uzunlukta Kontrol Alanı 01191na a2200349 4500
001 - KONTROL NUMARASI
Denetim Alanı 21802
003 - KONTROL NUMARASI IDENTIFIER
Denetim Alanı MIRAKIL
005 - SON İŞLEM TARİHİ VE ZAMANI
Denetim Alanı 20181226092843.0
008 - SABİT-BOY VERİ ELEMANLARI - GENEL BİLGİLER
Sabit Uzunlukta Kontrol Alanı 170216b tu n0 0 0
035 ## - SİSTEM KONTROL NUMARASI
Sistem Kontrol Numarası 20918
040 ## - KATALOGLAMA KAYNAK
Orijinal Kataloglama Ajansı Milas
Kataloglama Dili tur
Metne Dönüştürmek Ajansı TR-AnCHP
041 ## - DİL KODU
Metin / Ses Parça Veya Ayrı Başlığın Dil Kodu tur
082 ## - DEWEY ONLU SINIFLANDIRMA NUMARASI
Sınıflandırma Numarası 050
Ürün Numarası YSDU 1996-
090 ## - SINIFLAMA NUMARASI
Sınıflama Numarası 050 DER 14
222 ## - ANAHTAR ADI
Anahtar Başlık Sosyal Demokrat Ufuk
245 ## - BAŞLIK TABLOSU
Başlık Sosyal Demokrat Ufuk
Başlığın Kalan Aylık siyaset, kültür ve düşün dergisi
Sorumluluk Tablosu, Vb Sami Doğan
246 ## - UNVAN FORM VARYING
Başlık Doğru / Kısa Başlığı Yeni Sosyal Demokrat Ufuk dergisi
246 ## - UNVAN FORM VARYING
Başlık Doğru / Kısa Başlığı Yeni Sosyal Demokrat Ufuk dergisi
260 ## - YAYIN, DAĞITIM, VB
Yayın, Dağıtım, Vb Yeri Ankara
Yayıncı, Dağıtıcı, Vs Adı Suteni Yayıncılık
Yayın, Dağıtım, Vb Tarihi 1996-
300 ## - FİZİKSEL TANIM
Kapsam c.
Diğer Fiziksel Ayrıntıları res.
Boyutlar 23 sm.
362 ## - YAYIN VE / VEYA SIRALI GÖREVLENDİRİLMESİNE TARİHLERİ
Yayın Ve / Veya Ardışık Kullanım Amacı Tarihleri 1. sayı (Nisan1996)-
500 ## - GENEL NOT
Genel Not Mevcut sayılar : (1) Nisan 1996 ; (2) Haziran 1996; (3) Temmuz-Ağustos 1996; (4) Ekim 1996; (5) Kasım-Aralık 1996 ; (10) Eylül-Ekim 2000
500 ## - GENEL NOT
Genel Not Aylık siyaset, kültür ve düşün dergisi
650 ## - KONU KATMA GİRİŞ - TOPİKAL DÖNEM
Topikal Süreli Veya Coğrafi Ad Giriş Elemanı Kültür
Form Alt Bölümü Süreli yayınlar
650 ## - KONU KATMA GİRİŞ - TOPİKAL DÖNEM
Topikal Süreli Veya Coğrafi Ad Giriş Elemanı Siyaset ve yönetim
Form Alt Bölümü Süreli yayınlar
651 ## - KONU KATMA GİRİŞ - COĞRAFİ ADI
Coğrafi İsim Türkiye
Form Alt Bölümü Süreli yayınlar
Genel Alt Bölümü Siyaset ve yönetim
785 ## - SONRAKİ GİRİŞ
Ana Giriş Başlığı Yeni Sosyal Demokrat Ufuk
910 ## - KULLANICI SEÇENEK, VERİLERİN (OCLC)
Kullanıcı Seçenek Veri DERGİ 14
942 ## - EKLENDİ GİRİŞ ELEMANLARI (KOHA)
Sınıflandırma Veya Raf Düzeni Kaynak Dewey Decimal Classification
Koha Öğesi Türü Serials
999 ## - SİSTEM KONTROL NUMARALARI (KOHA)
Koha Biblionumber 11351
Koha Biblioitemnumber 11351
310 ## - MEVCUT YAYIN FREKANSI
Güncel Yayın Frekansı Aylık
655 ## - INDEX DÖNEM - TÜR / FORMU
-- Dergi
Holdings
Kullanım Kısıtlamaları Kalıcı Konum Mevcut Konum Edinme Tarihi Kodlu Konum Eleme Toplam Check-Out'Lar Tam Çağrı Numarası Barkod Tarih Son Görülme İtibaren Geçerli Fiyatlar Sigara Kamu Notu Koha Öğesi Türü
Kütüphane dışına çıkarılamaz CHP Kütüphanesi CHP Kütüphanesi 02/07/2017 SÜRELİ YAYINLAR   050 DER 149 D014 02/07/2017 02/07/2017 Serials